000 00616nam a2200193Ia 4500
005 20250923145302.0
008 008 250917s9999 xx 000 0 eng d
037 _aTextual
040 _aDSWL
_beng
_cDSWL
041 _aeng
_2eng
084 _aY217.B'C, N72.2
_qDSWL
100 _aSastri, Haramba Chatterjee
_9833687
245 0 _aSocial Background of the Forms of Marriages - An Ancient India
_cby Haramba Chatterjee Sastri
260 _aCalcutta
_bSanskrit Pustak Bhandar
_c1974
300 _a369-623p.
490 _vVol. II
942 _cTEXL
_hY217.B'C, N72.2
999 _c1449484
_d1449484